000 00296nam a2200109 a 4500
005 20140513081053.0
008 090911s19uu xx 00 eng d
050 _aKit
_bMR. 1982
245 _aMr. Men Sing Along /
_cHangreaves, Roger.
260 _aU.S.A :
_bOttenheimer pub,
_c1982.
999 _c116399
_d116399